[Event "World School-ch U17 Girls 12th"]
[Site "Sochi"]
[Date "2016.12.10"]
[Round "8"]
[White "Dimitrova, Aleksandra"]
[Black "Abdullayeva, Annagul"]
[Result "1-0"]
[WhiteElo "2319"]
[BlackElo "1619"]
[PlyCount "72"]
[EventDate "2016.12.03"]
[EventType "swiss"]
[EventRounds "9"]
[EventCountry "RUS"]
[SourceTitle "CBM 176 Extra"]
[Source "ChessBase"]
[SourceDate "2017.03.02"]
[SourceVersion "1"]
[SourceVersionDate "2017.03.02"]
[SourceQuality "1"]

1. e4 c5 2. Nf3 d6 3. d4 cxd4 4. Nxd4 Nf6 5. Nc3 g6 6. Be3 Bg7 7. f3 0-0 8. Qd2 Nc6 9. 0-0-0 Bd7 10. Kb1 Rb8 11. g4 Nxd4 12. Bxd4 b5 13. h4 b4 14. Ne2 a5 15. h5 a4 16. Ng3 Be6 17. hxg6 fxg6 18. g5 Ne8 19. Qh2 Kf7 20. f4 Bg4 21. Bc4+ e6 22. Rd2 Bxd4 23. Rxd4 Rh8 24. Qf2 Ng7 25. f5 Ke8 26. fxg6 Rf8 27. gxh7 Rxf2 28. h8Q+ Kf7 29. Qh6 Qf8 30. e5 d5 31. Rxg4 dxc4 32. Rxc4 Rb7 33. Ne4 Rf3 34. Rd1 Ke7 35. Nf6 Nf5 36. Qh1 Qd8 1-0